000 00698cam a22002291 4500
001 sa 68001087
003 DLC
005 20260227112430.0
008 710903s1967 ii abj b 000 0 eng
010 _asa 68001087
025 _aPL480:I-E-9370
040 _aDLC
_cDLC
_dDLC
043 _aa-ii---
050 0 0 _aDS485.K4
_bS7
082 0 0 _a954/.83
100 1 _aSreedhara Menon, A.
245 1 2 _aA survey of Kerala history.
260 _aKottayam,
_bSahitya Pravarthaka Co-operative Society [Sales Dept.]; National Book Stall
_c[1967]
300 _a446, xx p.
_billus., geneal. tables, maps (part col.)
_c22 cm.
504 _aBibliography: p. [437]-442.
651 0 _aKerala (India)
_xHistory.
999 _c77688
_d77688